00489nam a2200205Ia 4500008004100000020001800041050001600059100001600075245002100091245005000112260001500162260001600177260000900193300001500202300002000217300001000237300002100247440000700268500000800275170918s9999 xx 000 0 und d a9780545130424 bK641re 2009 aKlein, Abby aFirehouse fun! / cby Abby Klein ; illustrated by John McKinley. aNew York : bScholastic, c2009 a95 pages : billustrations ; c19cm. eReady, Freddy! ; a17 a530